L'oracle parfait ou le passe-temps des dames. Art de tirer les cartes avec explication / (Record no. 158092)
[ view plain ]
| 000 -LEADER | |
|---|---|
| campo de control de longitud fija | 00611nam a22001575i 4500 |
| 001 - NÚMERO DE CONTROL | |
| campo de control | 158092 |
| 003 - IDENTIFICADOR DE NÚMERO DE CONTROL | |
| campo de control | ES-MaACL |
| 005 - FECHA Y HORA DE LA ÚLTIMA TRANSACCIÓN | |
| campo de control | 20230906211015.0 |
| 008 - DATOS DE LONGITUD FIJA--INFORMACIÓN GENERAL | |
| campo de control de longitud fija | 041008q1875 fr a |||| | fre d |
| 245 00 - MENCIÓN DEL TÍTULO | |
| Título | L'oracle parfait ou le passe-temps des dames. Art de tirer les cartes avec explication / |
| Mención de responsabilidad, etc. | par M. Lenormand, Etteilla, etc. |
| 260 ## - PUBLICACIÓN, DISTRIBUCIÓN, ETC. | |
| Lugar de publicación, distribución, etc. | Paris : |
| Nombre del editor, distribuidor, etc. | M. Delaure, |
| Fecha de publicación, distribución, etc. | [1875.] ( |
| Fabricante | Typ. M. et P.) |
| 300 ## - DESCRIPCIÓN FÍSICA | |
| Extensión | [1] h. pleg., 150, 8 p. : |
| Otras características físicas | il. ; |
| Dimensiones | 19 cm. |
| 596 ## - NOTA AL PIE DE IMPRENTA | |
| NOTA AL PIE DE IMPRENTA | Año tomado de BN Opale Plus. |
| 650 #4 - PUNTO DE ACCESO ADICIONAL DE MATERIA--TÉRMINO DE MATERIA | |
| Término de materia o nombre geográfico como elemento de entrada | Juegos de cartas. |
| 9 (RLIN) | 136324 |
| 852 4# - LOCALIZACIÓN | |
| Ubicación | ES-MaACL |
| Número de control de estantería | G-10717 |
| Nota libre | - Enc. hol. |
| -- | - Legado M. de La Fuente |
| Estatus retirado | Estado de pérdida | Estado de daño | No para préstamo | Colección | Biblioteca de origen | Biblioteca actual | Ubicación en estantería | Fecha de adquisición | Fuente de adquisición | Total de préstamos | Signatura topográfica completa | Código de barras | Visto por última vez | Precio de reemplazo | Tipo de ítem Koha |
|---|---|---|---|---|---|---|---|---|---|---|---|---|---|---|---|
| Libros del s. XIX | Biblioteca del Ateneo de Madrid | Biblioteca del Ateneo de Madrid | Sala Pecera Planta 3 | 17/01/2008 | G-10717 | 1165457 | 23/02/2023 | 23/02/2023 | Libro impreso antiguo |
